| 000 | 00899nam a2200229Ia 4500 | ||
|---|---|---|---|
| 003 | GCL | ||
| 008 | 140319s9999 xx 000 0 ara d | ||
| 040 |
_aGCL / _cGCL |
||
| 082 | 0 | 4 |
_a212 _bت ث |
| 100 | 1 | _aالترمذى , ابى عيسى محمدبن عيسى | |
| 245 | 1 | 0 |
_a"ثلاث مصنفات للحكيم الترمذى : كتاب سيرة الاولياء ; جواب المسائل التى سأله اهل سرخس عنها ; جواب كتاب من الرى" / _cالترمذى , ابى عيسى محمدبن عيسى |
| 700 | 1 | _aراتكه بيرند | |
| 300 | _a"295 ; 78" | ||
| 490 |
_aالنشرات الاسلامية _v0 |
||
| 650 | 0 | 4 | _aالاسلام |
| 650 | 0 | 4 | _aالحديث |
| 650 | 0 | 4 | _aالاخلاق الاسلامية |
| 650 | 0 | 4 | _aالاداب الاسلامية |
| 650 | 0 | 4 | _aالادب الاسلامى |
| 650 | 0 | 4 | _aسنن الترمذى |
| 942 |
_2ddc _cBK |
||
| 999 |
_c43516 _d43516 |
||